000 00893nam a2200253Ia 4500
003 OSt
005 20220927103928.0
006 a|||||r|||| 00| 0
007 ta
008 220926b |||||||| |||| 00| 0 eng d
024 _a88044
037 _cReference Collections
040 _aRTL
_cRTL
_beng
041 _2eng
_aeng
082 _a"X9(HZ):77.1.N7, M0/UN"
110 _a"United Nations, International Economic And Social Affairs(Deptt of-)"
_9362187
245 0 _aSea-bed mineral resources development
_b Recent activities of the international consoritia
260 _aNew
_bYork United Nations USA
_c1980
300 _a15p.
_ccm.
650 _aMinings
_9362188
700 _a"United Nations, International Economic And Social Affairs(Deptt of-)"
_9362189
942 _h"X9(HZ):77.1.N7, M0/UN"
_cCC
999 _c685137
_d685137